00286nam a2200109Ia 4500008004100000020001800041082002300059100002100082245003200103260003300135300000800168140316s9999 xx 000 0 und d a0 88192 453 9 a581 .609 7bMOE/NA aMoerman,Daniel E aNative American ethnobotany aUS AbTimber Press Incc1998 a527